BMC Pediatrics (Record no. 30882)
[ view plain ]
| 000 -LEADER | |
|---|---|
| fixed length control field | 00479nam a2200133 a 4500 |
| 008 - FIXED-LENGTH DATA ELEMENTS--GENERAL INFORMATION | |
| fixed length control field | 121017s2008 ||||||||||||||||| || u |
| 050 ## - LIBRARY OF CONGRESS CALL NUMBER | |
| Classification number | PAPERS/STAFF/SIZIYA |
| 100 ## - MAIN ENTRY--PERSONAL NAME | |
| Personal name | Siziya, Seter |
| 245 10 - TITLE STATEMENT | |
| Title | BMC Pediatrics |
| 260 ## - PUBLICATION, DISTRIBUTION, ETC. | |
| Place of publication, distribution, etc. | Lusaka |
| Name of publisher, distributor, etc. | The Copperbelt University (CBU) |
| Date of publication, distribution, etc. | 2008 |
| 300 ## - PHYSICAL DESCRIPTION | |
| Extent | 7p. |
| 650 ## - SUBJECT ADDED ENTRY--TOPICAL TERM | |
| Topical term or geographic name entry element | PEDIATRIC NURSING |
| 995 ## - | |
| -- | SPECIAL COLLECTIONS |
| -- | 3361 |
| -- | CBU-SCHOOL OF MEDICINE LIBRARY (Ndola) |
| -- | PAPERS/STAFF/SIZIYA |
| -- | AVAILABLE |
| -- | May 29, 2017 |
| -- | B3361 |
| -- | University Collection |
| 999 ## - | |
| -- | 30882 |
| -- | 30882 |
| Withdrawn status | Lost status | Source of classification or shelving scheme | Damaged status | Not for loan | Permanent Location | Current Location | Shelving location | Date acquired | Total Checkouts | Full call number | Barcode | Date last seen | Price effective from | Koha item type |
|---|---|---|---|---|---|---|---|---|---|---|---|---|---|---|
| CBU-SCHOOL OF MEDICINE LIBRARY, NDOLA. | CBU-SCHOOL OF MEDICINE LIBRARY, NDOLA. | 11/30/2022 | PAPERS/STAFF/SIZIYA | B3361 | 11/30/2022 | 11/30/2022 | MONOGRAPH |